000 01049nam a22002535i 4500
001 168601
003 ES-MaACL
005 20231226152602.0
008 080423s1987 sp |||| | spa d
080 _a929 Machado, Antonio (064.3)
080 _a929 Machado, Manuel (064.3)
245 0 4 _aLos Machado y su tiempo
_b: exposición itinerante : Sevilla, Madrid, Baeza, Segovia... 1987 /
_corganizada por la Fundación Española Antonio Machado.
260 _a[Madrid] :
_bFundación Antonio Machado,
_c1987.
300 _a182 p. :
_bil. ;
_c30 cm.
500 _aLas 2 h. son reprod. de los poemas originales mss. "Pandereta sevillana" y "Cantares" de Manuel y Antonio Machado.
504 _aBibliografía: p. 165-167.
600 1 4 _aMachado, Antonio,
_d1875-1939-
_vExposiciones
_975155
600 1 4 _aMachado, Manuel,
_d1874-1947-
_vExposiciones
_975163
655 7 _2tgfbne
_9193628
_aCatálogos de exposiciones
710 2 _aFundación Antonio Machado.
_9137683
852 _aES-MaACL
_jL-11365
942 _2udc
999 _c168601
_d168601